Statistics for translate words to norwegian

Click here to take the quiz!

General Stats

  • This quiz has been taken 21 times
  • The average score is 11 of 15

Answer Stats

HintAnswer% Correct
daydag
100%
doghund
100%
bookbok
89%
foodmat
89%
saltsalt
89%
househus
83%
cakekake
83%
childrenbarn
78%
cityby
72%
chocolatesjokolade
72%
sweatergenser
67%
wallvegg
61%
pencilblyant
50%
eraserviskelær
44%
pathsti
39%

Score Distribution

Percentile by Number Answered

Percent of People with Each Score

Your Score History

You have not taken this quiz